Дело по указу Правительствующего Сената о доставлении заключения по делу о высылке в один из отдаленных городов Великороссийских...

Доступно только в Электронных читальных залах Найти на картеНа карте
RUSMARC
00003825nmc2a22000003x 450
00161c8cb1a-f195-462a-a873-7311f504f97c
00520180712181230.0
100##$a20160225l18431854k l0rusy0189 ca
1010#$arus
102##$aRU
2001#$aДело по указу Правительствующего Сената о доставлении заключения по делу о высылке в один из отдаленных городов Великороссийских губерний отставного поручика Любовидзского, судимом за жестокие и тиранские поступки с крестьянами своими
$j22 сентября 1843 г. - 22 ноября 1854 г.
251##$cДело
300##$aДело
801#0$aRU
$bРГИА
$c20160225
$gRCR
801#1$aRU
$bГлавНИВЦ
$c20160225
$2rusmarc
801#2$aRU
$bПБ им. Б.Н. Ельцина
$c20180712
$gRCR
$2rusmarc
850##$aРГИА
852##$aРГИА
$eФедеральное казенное учреждение "Российский государственный исторический архив" (РГИА)
$j545
937##$hРГИА
$d12196653
$aASBIBLIO_SCAN
462#0$1001e71f34c7-6ba6-4504-897e-253c950c25bd
$12001
$a1841-1843 гг. Дела Департамента полиции исполнительной МВД за 1843 г.
$1251
$cОпись
$1852
$j8
461#0$10013e300ed0-cd39-49af-8489-5ba5b90fa401
$12001
$aДепартамент полиции исполнительной МВД
$1251
$cФонд
$1852
$j1286
215##$a55 л.
$d36,5х26 см
371##$aДокумент не является опубликованным и широко распространяемым
105##$ay###
1222#$ad
035##$a61c8cb1a-f195-462a-a873-7311f504f97c
856##$uhttp://readingroom.main.prlib.ru/item.aspx?id_node=n117278817&mode=full
Формат отображения